Super Smash Bros. Brawl Characters in Alphabetical Order - Statistics

General Stats
  • This quiz has been taken 105 times
  • The average score is 21 of 35
Answer Stats
Answer % Correct
Bowser
89%
Captain Falcon
74%
Diddy Kong
72%
Donkey Kong
72%
Falco
65%
Fox
65%
Ganondorf
63%
Ike
63%
Luigi
63%
Zelda/Sheik
63%
Jigglypuff
61%
Link
61%
Mario
61%
Ice Climbers
59%
Lucario
59%
Marth
59%
King Dedede
57%
Kirby
57%
Mr Game and Watch
57%
Yoshi
57%
Lucas
56%
Meta Knight
56%
Ness
54%
Peach
54%
Pit
54%
Pokemon Trainer
54%
Samus
54%
Sonic
54%
Toon Link
54%
Wario
54%
Olimar
52%
Pikachu
52%
Wolf
52%
Snake
50%
ROB
48%
No matching quizzes found
Score Distribution
Percent of People with Each Score
Percentile by Number Answered
Your Score History
You have not taken this quiz